00745nac a22002171u 4500010001600000020002200016082001800038090001500056100003400071245005200105260006300157300002900220440001800249500002700267504002600294511002800320650003800348942002000386999001500406952010600421 a 80041481 a0240512731 (pbk.)00a621.3893bALK c8107d8107 aAlkin, E. G. M. 10aSound recording and reproduction /cGlyn Alkin. aLondon ;aBoston :bFocal Press,1987, c1981.c1987, c1981. a224 p. :bill. ;c22 cm. 0aMedia manuals aDistributer: Al-Ahram. aBibliography: p. 215. aCatalogued By: Mahitab. 0aSoundxRecording and reproducing. cBBk621.3893ALK c8107d8107 00104070aMAINbMAINc1STd2008-02-24ePurchasel0o621.3893ALKp000010013r2025-07-15 00:00:00yBB